| 000 | 00337nam a22001457a 4500 | ||
|---|---|---|---|
| 027 | _qPB. | ||
| 040 | _cFIZZA ISHAQ | ||
| 082 |
_a005.74 _bRAM |
||
| 100 |
_aELMASRI,RAMEZ. _989318 |
||
| 245 |
_aFUNDAMENTALS OF DATA BASE / _cRAMEZ ELMASRI. |
||
| 250 | _a7th ED. | ||
| 260 |
_aLONDON ; _c2017. |
||
| 300 | _a1272 P. ; | ||
| 942 |
_2ddc _cBK |
||
| 999 |
_c588094 _d588094 |
||